000
00342nam a2200133Ia 4500
008
151001s9999||||xx |||||||||||||| ||und||
100
_a
यु म पठाण
245
_a
गंधवार्ता
250
_a
1
260
_b
सुयोग प्रकाशन पुणे
260
_c
2011
300
_a
176
365
_b
21
999
_c
1000194
_d
1000191